000 04193namaa22004211i 4500
003 EG-GICUC
005 20260511115215.0
008 260511s2025 ua a|||frm||| 000 0 eng d
040 _aEG-GICUC
_beng
_cEG-GICUC
_dEG-GICUC
_erda
041 0 _aeng
_beng
_bara
049 _aDeposit
082 0 4 _a721.03
092 _a721.03
_221
097 _aPh.D
099 _aCai01.13.02.Ph.D.2025.Eh.E
100 0 _aEhsan Mostafa Kamal Ali Mohamed,
_epreparation.
245 1 4 _aThe effect of breathing facades on enhancing ventilation to improve indoor air quality /
_cby Ehsan Mostafa Kamal Ali Mohamed ; Supervisors Prof. Dr. Hesham Sameh Hussein.
246 1 5 _aتأثير الواجهات المتنفسة على تحسين التهوية لرفع جودة الهواء الداخلي
264 0 _c2025.
300 _a188 pages :
_billustrations ;
_c30 cm. +
_eCD.
336 _atext
_2rda content
337 _aUnmediated
_2rdamedia
338 _avolume
_2rdacarrier
502 _aThesis (Ph.D)-Cairo University, 2025.
504 _aBibliography: pages 172-179.
520 3 _aThis study investigates breathing facades as a modern architectural strategy aimed at improving natural ventilation and indoor air quality. It adopts a mixed-method approach that integrates qualitative and quantitative analyses with digital simulation to establish a comprehensive and practical design framework. The qualitative phase explores international case studies using inductive and comparative methods to identify best practices and design trends, while the quantitative phase analyzes 42 facade models through descriptive statistics to evaluate performance efficiency. Results from digital simulations confirm that optimized breathing facade designs significantly reduce indoor carbon dioxide accumulation, thus enhancing ventilation to improve indoor air quality. The study concludes by presenting an integrated design framework that promotes sustainability, enhances environmental performance, and supports the creation of healthier built environments in contemporary architecture
520 3 _aتبحث هذه الدراسة في الواجهات المتنفسة باعتبارها نهجًا معماريًا معاصرًا يهدف إلى تحسين التهوية الطبيعية وجودة الهواء الداخلي. اعتمدت الدراسة على منهج مختلط يجمع بين التحليلين الكيفي والكمي مع المحاكاة الرقمية، لتطوير إطار تصميمي شامل وعملي. تناولت المرحلة الكيفية دراسة حالات عالمية باستخدام الأسلوبين الاستقرائي والمقارن بهدف تحديد أفضل الممارسات واتجاهات التصميم، بينما شملت المرحلة الكمية تحليل 42 نموذجًا لواجهات باستخدام الإحصاء الوصفي لتقييم كفاءة الأداء. وأكدت نتائج المحاكاة الرقمية أن التصميم الأمثل للواجهات المتنفسة يقلل من تراكم ثاني أكسيد الكربون داخل المباني، مما يحسن التهوية ويرفع جودة الهواء الداخلى. واختُتمت الدراسة بتقديم إطار تصميم متكامل يعزز الاستدامة ويرفع الأداء البيئي ويدعم إنشاء بيئات معيشية صحية في العمارة الحديثة
530 _aIssues also as CD.
546 _aText in English and abstract in Arabic & English.
650 0 _aArchitectural Engineering
650 0 _aالهندسة المعمارية
653 1 _aBreathing façades
_aNatural ventilation
_aEnvironmental Simulation
_aAdaptive design
_aIndoor air quality
_aالواجهات المتنفسة
_aالتهوية الطبيعية
700 0 _aHesham Sameh Hussein
_ethesis advisor.
900 _b01-01-2025
_cHesham Sameh Hussein
_dTarek Ibrahim Nasr El-Din
_dHenar Aboelmagd Kalefa
_UCairo University
_FFaculty of Engineering
_DDepartment of Architectural Engineering
905 _aShimaa
942 _2ddc
_cTH
_e21
_n0
999 _c180096